[Event "South African op"]
[Site "Cape Town"]
[Date "2022.07.10"]
[Round "4"]
[White "Snyckers, Frank A"]
[Black "Willenberg, Roland C"]
[Result "1/2-1/2"]
[WhiteElo "1797"]
[BlackElo "1682"]
[PlyCount "94"]
[EventDate "2022.07.09"]
[EventType "swiss"]
[EventRounds "11"]
[EventCountry "RSA"]
[SourceTitle "CBM 209 Extra"]
[Source "ChessBase"]
[SourceDate "2022.09.30"]
[SourceVersion "1"]
[SourceVersionDate "2022.09.30"]
[SourceQuality "1"]

1. d4 d5 2. c4 e6 3. Nc3 Nf6 4. Bg5 Be7 5. e3 0-0 6. Nf3 h6 7. Bh4 a6 8. a4 Nbd7 9. Rc1 Ne4 10. Bxe7 Qxe7 11. Bd3 f5 12. cxd5 Nxc3 13. Rxc3 e5 14. dxe5 Nxe5 15. Nxe5 Qxe5 16. 0-0 f4 17. exf4 Rxf4 18. Re1 Qd6 19. Re8+ Rf8 20. Rxf8+ Qxf8 21. Rxc7 Qd6 22. Qc2 Bd7 23. b3 Bc6 24. dxc6 Qxc7 25. cxb7 Qxb7 26. Be4 Rc8 27. Bd5+ Kh8 28. Bc4 Qb4 29. g3 a5 30. Qf5 Rf8 31. Qe4 Qd6 32. Bd3 g6 33. Qxg6 Qxg6 34. Bxg6 Kg7 35. Bd3 Rd8 36. Bc4 Rd2 37. Kg2 Kf6 38. Kf3 Ke5 39. Ke3 Rb2 40. h4 Rb1 41. f4+ Kf6 42. g4 Rh1 43. g5+ Kg7 44. f5 Rh3+ 45. Kf2 Rxh4 46. f6+ Kg6 47. gxh6 Kxf6 1/2-1/2